|
|
|
|
| LEADER |
00000nam2a2200000 4500 |
| 001 |
280022 |
| 005 |
20231101235251.0 |
| 035 |
|
|
|a (RuTPU)RU\TPU\book\303331
|
| 035 |
|
|
|a RU\TPU\book\185486
|
| 090 |
|
|
|a 280022
|
| 100 |
|
|
|a 20141225d1986 k y0rusy5003 ca
|
| 101 |
0 |
|
|a rus
|
| 102 |
|
|
|a UA
|
| 105 |
|
|
|a a z 000zy
|
| 200 |
0 |
|
|a Вып. 10
|
| 210 |
|
|
|d 1986
|
| 215 |
|
|
|a 103 с.
|c ил.
|
| 461 |
|
1 |
|0 (RuTPU)RU\TPU\book\161887
|t Надежность и долговечность машин и сооружений
|o республиканский межведомственный сборник
|f Академия наук Украинской ССР (АН УССР), Институт проблем прочности (ИПП) ; под ред. В. Т. Трощенко
|v Вып. 10
|d 1982-1991
|
| 606 |
1 |
|
|a Машины
|x Надежность
|2 stltpush
|3 (RuTPU)RU\TPU\subj\41708
|9 61494
|
| 610 |
1 |
|
|a надежность
|
| 610 |
1 |
|
|a управление
|
| 610 |
1 |
|
|a прогнозирование
|
| 610 |
1 |
|
|a сельскохозяйственные машины
|
| 610 |
1 |
|
|a техническая диагностика
|
| 610 |
1 |
|
|a сборники
|
| 675 |
|
|
|a 62-192
|v 4
|
| 801 |
|
0 |
|a RU
|b RuMRKP
|c 19950704
|g psbo
|
| 801 |
|
1 |
|a RU
|b 63413507
|c 20091130
|
| 801 |
|
2 |
|a RU
|b 63413507
|c 20180206
|g RCR
|
| 942 |
|
|
|c BK
|